Cuentos /

Prólogo -- Introducción / Elsa Isabel Bornemann -- Textos de orientación -- La ovejita gris (cuento popular inglés) -- El cuento del bostezo / Úrsula Wölfel -- Shh Bang / Margaret Wise Bown -- El vendedor de gorras (cuento popular europeo) -- Gallo Cristal (cuento popular italiano, en versión de Ita...

Descripción completa

Guardado en:
Autor Principal: Bornemann, Elsa Isabel
Otros Autores: Wölfel, Úrsula., Wise Bownm, Margaret., Calvino, Italo., Ruck-Pauquet, Gina., Thurber, James., Patten, Brian., Potter, Beatrix., Krüss, James., Rodari, Gianni., Guggenmos, Josef., Ross, Diana., Newell, Hope., Futumata, Iogoro., Moro, Hishashi., Hermanos Grimm., Delaiglesia, Juan Antonio., Villafañe, Javier., Lamorisse, Albert., Proysen, Alf., Abril, Manuel., Asturias, Miguel Ángel., Eluard, Paul., Zavrel, Stepan., Janosch., Franca, Eliardo., Granata, María., Dana, Doris., Urquijo; il.
Formato: Libro
Publicado: Buenos Aires : Latina, 1977
Series:Biblioteca Práctica Pre-escolar
Materias:
Etiquetas: Agregar Etiqueta
Sin Etiquetas, Sea el primero en etiquetar este registro!
LEADER 04162nam a22005295a 4500
001 CEM.cems001154
008 130507s1977##################000#0#####d
005 20240807155440.0
245 1 0 |a Cuentos /  |c Elsa Isabel Bornemann ... y otros ; ilustrado por Clara Urquijo (Mandu). 
260 |a Buenos Aires :  |b Latina,  |c 1977 
300 |a 203 p. 
490 0 |a Biblioteca Práctica Pre-escolar 
500 |a Edad sugerida: 4 a 8 años. 
520 |a Prólogo -- Introducción / Elsa Isabel Bornemann -- Textos de orientación -- La ovejita gris (cuento popular inglés) -- El cuento del bostezo / Úrsula Wölfel -- Shh Bang / Margaret Wise Bown -- El vendedor de gorras (cuento popular europeo) -- Gallo Cristal (cuento popular italiano, en versión de Italo Calvino) -- El pequeño guardián nocturno y las flores / Gina Ruck-Pauquet -- Las tres lauchas (cuento popular inglés) -- La muñeca de Ema / Brian Patten -- La historia de un nabo (cuento folklórico ruso) -- El guerrero terrible (cuento folklórico africano) -- El cuento de Tiggy, la señora erizo / Beatrix Potter -- Tarjeta de felicitación para el cumpleaños de Carolina / James Krüss -- Cuello duro / Elsa Isabel Bornemann -- Alicia Caerina / Gianni Rodari -- ¿Dónde vive la laucha? / Josef Guggenmos -- El buñuelo (cuento folklórico escandinavo) -- Un nenito, dos nenitos / Diana Ross -- El cuento de la laucha en la despensa / Úrsula Wölfel -- Donde se cuenta cómo la viejecita abrigó a los gansos / Hope Newell -- El erizo-sorpresa (creación colectiva) -- El gallo, el ratón y la gallinita colorada (cuento folclórico inglés) -- Lo que vio la Luna / Iogoro Futumata y Hishashi Moro -- La liebre y el erizo / Jakob y Wilhelm Grimm -- El pequeño jefe de la estación y el tren que transporta un circo / Gina Ruck-Pauquet -- Medio kilo de azúcar / Juan Antonio Delaiglesia -- El zurrón que cantaba (cuento popular español) -- Los duendes de las narices largas (cuento folklórico japonés) -- El señor de todos los señores (cuento popular inglés) -- El caballo que perdió la cola / Javier Villafañe -- El globo rojo / Albert Lamorisse -- El palacio de los monos (cuento popular italiano, en versión de Italo Calvino) -- Por qué un toro se pone furioso cuando ve el color rojo / Josef Guggenmos -- La señora Pimentero en la kermesse / Alf Proysen -- El gorro de Andrés / Manuel Abril -- Una trenza tan larga / Elsa Isabel Bornemann -- La palomita verde / Miguel Ángel Asturias -- El hombre que quiso ser ama de casa (cuento popular noruego) -- El adivino (cuento popular ruso) -- Alita / Paul Eluard -- El pequeño mago y la gente / Gina Ruck-Pauquet -- El sol perdido / Stepan Zavrel -- El hombrecito de la manzana / Janosch -- El rey de Casi-Todo / Eliardo Franca -- ¿Cuántos burros? (cuento folklórico turco) -- El conejo Zomo (cuento folklórico africano) -- El gigante y el burrito / María Granata -- El elefante y su secreto / Doris Dana -- Saburo, el tonto (cuento folklórico japonés) -- Lisa de los paraguas / Elsa Isabel Bornemann -- Muchas lunas / James Thurber 
100 1 |a Bornemann, Elsa Isabel 
700 1 |a Wölfel, Úrsula. 
700 1 |a Wise Bownm, Margaret. 
700 1 |a Calvino, Italo. 
700 1 |a Ruck-Pauquet, Gina. 
700 1 |a Thurber, James. 
700 1 |a Patten, Brian. 
700 1 |a Potter, Beatrix. 
700 1 |a Krüss, James. 
700 1 |a Rodari, Gianni. 
700 1 |a Guggenmos, Josef. 
700 1 |a Ross, Diana. 
700 1 |a Newell, Hope. 
700 1 |a Futumata, Iogoro. 
700 1 |a Moro, Hishashi. 
700 1 |a Hermanos Grimm. 
700 1 |a Delaiglesia, Juan Antonio. 
700 1 |a Villafañe, Javier. 
700 1 |a Lamorisse, Albert. 
700 1 |a Proysen, Alf. 
700 1 |a Abril, Manuel. 
700 1 |a Asturias, Miguel Ángel. 
700 1 |a Eluard, Paul. 
700 1 |a Zavrel, Stepan. 
700 1 |a Janosch. 
700 1 |a Franca, Eliardo. 
700 1 |a Granata, María. 
700 1 |a Dana, Doris. 
700 1 |a Urquijo; il. 
082 0 4 |a 808.8 
653 |a Antología literaria 
653 |a Literatura infantil 
859 |a CEMS  |b BIB. CEMS - 11 de abril  |h 808.8  |i B645  |p 7941.80  |t Ej.1